[Event "Hastings7273"]
[Site "Hastings"]
[Date "1972.??.??"]
[Round "9"]
[White "Radulov, Ivan"]
[Black "Andersson, Ulf"]
[Result "1/2-1/2"]
[WhiteElo "2490"]
[BlackElo "2535"]

1.e4 c5 2.Nf3 Nc6 3.d4 cxd4 4.Nxd4 e6 5.Nc3 Qc7 6.Be3 a6 7.Bd3 Nf6 8.O-O Bd6
9.h3 Bf4 10.Qd2 Bxe3 11.Qxe3 Qb6 12.Nf5 Qxe3 13.Nxe3 b5 14.Rfb1 b4 15.Na4 Ke7
16.a3 a5 17.axb4 axb4 18.f3 d6 19.Nb6 Rb8 20.Nbc4 Bb7 21.Nd2 Ra8 22.Nb3 g5
23.Nc4 Rxa1 24.Rxa1 Ra8 25.Nca5 Nxa5 26.Rxa5 Rxa5 27.Nxa5 Ba8 28.Bb5 d5 29.e5 Nd7
30.Bc6 Bxc6 31.Nxc6+ Ke8 32.b3 d4 33.Kf2 d3 34.Ke3 dxc2 35.Kd2 Nc5 36.Kxc2 Na6
37.Kd3 Kd7 38.Nd4 Nc7 39.Kc4 Nd5 40.Nc2 h5 41.Kb5 Nf4 42.Ne1 Ng6 43.Nd3 Nh4
44.Nc5+ Ke7 45.g4 Nxf3 46.gxh5 Nxe5 47.Kxb4 g4 48.hxg4 Nxg4 49.Kc3 Nf6 50.h6  1/2-1/2

[Event "Hastings7273"]
[Site "Hastings"]
[Date "1972.??.??"]
[Round "11"]
[White "Eley, Brian"]
[Black "Hartston, William R"]
[Result "1/2-1/2"]
[WhiteElo "2345"]
[BlackElo "2420"]

1.e4 c5 2.Nf3 e6 3.d4 cxd4 4.Nxd4 Nc6 5.Nc3 a6 6.Be2 Qc7 7.Be3 b5 8.Nxc6 Qxc6
9.Bf3 Bb7 10.O-O Qc7 11.e5 Rd8 12.Bxb7 Qxb7 13.Re1 d6 14.Bg5 Rd7 15.exd6 Rxd6
16.Qh5 Be7 17.Ne4 Rd5 18.Qf3 Qc8 19.Qg3 Bxg5 20.Nxg5 Nh6 21.Ne4 Nf5 22.Qg4 h5
23.Qxf5 Rxf5 24.Nd6+ Ke7 25.Nxc8+ Rxc8 26.Re2 Rd5 27.c3 g5 28.f3 Rc4 29.Rae1 Kd6
30.Kf2 e5 31.Ke3 f5 32.Rd2 f4+ 33.Ke2 e4 34.Rxd5+ Kxd5 35.Rd1+ Ke5 36.fxe4 Rxe4+
37.Kf2 Rc4 38.a3 a5 39.Rd8 b4 40.axb4 axb4 41.Rh8 bxc3 42.bxc3 h4 43.h3 Rxc3
44.Rg8 Kf6 45.Rf8+ Kg7 46.Ra8 Re3 47.Ra6 Kf7 48.Rb6 Re6 49.Rb3 Kf6  1/2-1/2

[Event "Hastings7273"]
[Site "Hastings"]
[Date "1972.??.??"]
[Round "13"]
[White "Eley, Brian"]
[Black "Barcza, Gedeon"]
[Result "0-1"]
[WhiteElo "2345"]
[BlackElo "2465"]

1.e4 c5 2.Nf3 e6 3.d4 cxd4 4.Nxd4 Nc6 5.Nc3 a6 6.Be3 Qc7 7.Be2 Nf6 8.O-O Be7
9.f4 d6 10.Qe1 O-O 11.Qg3 Nxd4 12.Bxd4 b5 13.Kh1 Bb7 14.e5 dxe5 15.Bxe5 Qb6
16.Bd3 g6 17.f5 Nh5 18.Qh3 exf5 19.Rxf5 Ng7 20.Rf4 Qe6 21.Qxe6 Nxe6 22.Rf2 f6
23.Bg3 Nc5 24.Re2 Kf7 25.Rae1 Rfe8 26.Be4 Rad8 27.Bxb7 Nxb7 28.a3 f5 29.Kg1 Bf6
30.Rxe8 Rxe8 31.Rxe8 Kxe8 32.Nd1 Na5 33.Bf4 Nc4 34.Bc1 Kd7 35.Kf2 Ke6 36.b3 Ne5
37.h3 Nc6 38.Ke2 Kd5 39.Be3 h5 40.Kd3 Be7 41.c4+ bxc4+ 42.bxc4+ Ke6 43.a4 Bf6
44.Bf4 g5 45.Bc7 Be5 46.Bb6 Bf6 47.Ne3 Nb4+ 48.Kd2 f4 49.Nd1 Nc6 50.Nc3 Ne5
51.c5 Nc4+ 52.Kc2 Ne3+ 53.Kd3 Bxc3 54.Kxc3 Kd5 55.c6 Kxc6 56.Bxe3 fxe3 57.Kd3 Kb6  0-1

[Event "Hastings7273"]
[Site "Hastings"]
[Date "1972.??.??"]
[Round "15"]
[White "Radulov, Ivan"]
[Black "Barcza, Gedeon"]
[Result "0-1"]
[WhiteElo "2490"]
[BlackElo "2465"]

1.e4 c5 2.Nf3 e6 3.d4 cxd4 4.Nxd4 Nc6 5.Nc3 Qc7 6.Be3 a6 7.Bd3 Nf6 8.O-O Ne5
9.h3 Bc5 10.Qe2 d6 11.f4 Ng6 12.Nb3 Bxe3+ 13.Qxe3 O-O 14.e5 dxe5 15.Bxg6 exf4
16.Bxf7+ Rxf7 17.Rxf4 Bd7 18.Re1 Re8 19.Qe5 Bc8 20.Nd4 Qxe5 21.Rxe5 Rfe7
22.Nf3 b6 23.Re3 Bb7 24.Ne5 Nd5 25.Ref3 Nxf4 26.Rxf4 Rd8 27.Rf2 b5 28.a3 a5
29.Nd3 Bc6 30.Ne5 Be8 31.Ne4 Rd5 32.Nd3 b4 33.axb4 axb4 34.b3 e5 35.Nd2 e4
36.Nxb4 Rb5  0-1

[Event "NLD-ch"]
[Site "Leeuwarden"]
[Date "1972.??.??"]
[Round "2"]
[White "Bohm, Hans"]
[Black "Timman, Anton P"]
[Result "1/2-1/2"]
[WhiteElo "2250"]
[BlackElo "2325"]

1.e4 c5 2.Nf3 e6 3.d4 cxd4 4.Nxd4 Nc6 5.Nc3 d6 6.Be3 Nf6 7.Bd3 Be7 8.O-O O-O
9.Na4 Bd7 10.c4 Ne5 11.Nc3 Nfg4 12.Qd2 Rc8 13.b3 Nxe3 14.Qxe3 Qb6 15.Bc2 Bf6
16.Rad1 Nxc4 17.bxc4 Rxc4 18.e5 dxe5 19.Qd3 Rfc8 20.Nde2 Be8 21.Bb3 R4c7
22.Ne4 Be7 23.Qe3 Bb5 24.N4g3 h5 25.Qxe5 Rc5 26.Qe3 h4 27.Ne4 Re5 28.Qf4 f6
29.Rfe1 Bb4 30.Nxf6+ gxf6 31.Qxb4 Bxe2 32.Qxb6 axb6 33.Rd2 Bc4 34.Rxe5 fxe5
35.Bxc4 Rxc4 36.h3 Rc1+ 37.Kh2 Kf7 38.Rd7+ Kf6 39.f3 Rc2 40.Rxb7 Rxa2 41.Rxb6 e4  1/2-1/2

[Event "NLD-ch"]
[Site "Leeuwarden"]
[Date "1972.??.??"]
[Round "3"]
[White "Scholl, Eduard C"]
[Black "Hartoch, Robert G"]
[Result "1/2-1/2"]
[WhiteElo "2400"]
[BlackElo "2430"]

1.e4 c5 2.Nf3 e6 3.d4 cxd4 4.Nxd4 Nc6 5.Nc3 a6 6.Be3 Qc7 7.Bd3 Nf6 8.O-O Ne5
9.Be2 b5 10.f4 Nc4 11.Bxc4 Qxc4 12.e5 Nd5 13.Nxd5 Qxd5 14.Qe2 Bb7 15.c3 Rc8
16.Nc2 Be7  1/2-1/2

[Event "NLD-ch"]
[Site "Leeuwarden"]
[Date "1972.??.??"]
[Round "8"]
[White "Scholl, Eduard C"]
[Black "Timman, Anton P"]
[Result "1/2-1/2"]
[WhiteElo "2400"]
[BlackElo "2325"]

1.e4 c5 2.Nf3 e6 3.d4 cxd4 4.Nxd4 Nc6 5.Nc3 a6 6.g3 Qc7 7.Bg2 d6 8.O-O Bd7
9.Nxc6 Bxc6 10.a4 Nf6 11.Qe2 Be7 12.Rd1 O-O 13.a5 Nd7 14.Be3 Rfd8 15.Na4 Bb5
16.Qd2 Rdc8 17.c3 Bxa4 18.Rxa4 Ne5 19.Qe2 Nc4 20.Rda1 Nxe3 21.Qxe3 Rab8 22.h4 Qc5  1/2-1/2

[Event "URS-chT Moscow"]
[Site "Moscow"]
[Date "1972.??.??"]
[Round "?"]
[White "Mnatsakanian, Eduard A"]
[Black "Litvinov, Viktor"]
[Result "1-0"]
[WhiteElo "2410"]
[BlackElo "2470"]

1.e4 c5 2.Nf3 Nc6 3.d4 cxd4 4.Nxd4 e6 5.Nc3 Nf6 6.Ndb5 Bb4 7.Nd6+ Ke7 8.Bf4 e5
9.Nf5+ Kf8 10.Bd2 d5 11.exd5 Bxf5 12.dxc6 bxc6 13.Bc4 Qd4 14.Qe2 Bxc2 15.Rc1 Bf5
16.Be3 Qh4 17.O-O g6 18.a3 Be7 19.f3 Bd7 20.Ne4 Nd5 21.Bf2 Qf4 22.Bxd5 cxd5
23.Nc5 Bxc5 24.Rxc5 Be6 25.Bg3 Qd4+ 26.Bf2 Qf4 27.Rd1 f6 28.Be3 Qa4 29.Rc7 g5
30.Rdc1 h6 31.Qd3 f5 32.Qc3 d4 33.Qc5+ Kg8 34.Qe7  1-0

[Event "URS-chT Moscow"]
[Site "Moscow"]
[Date "1972.??.??"]
[Round "?"]
[White "Shmit, Anatoly"]
[Black "Balashov, Yuri S"]
[Result "1/2-1/2"]
[WhiteElo "2200"]
[BlackElo "2560"]

1.e4 c5 2.Nf3 e6 3.d4 cxd4 4.Nxd4 Nc6 5.Nc3 d6 6.Be2 Nf6 7.O-O Be7 8.Be3 O-O
9.f4 Bd7 10.Kh1 Nxd4 11.Bxd4 Bc6 12.Bd3 Nd7 13.Qe2 e5 14.Be3 exf4 15.Bxf4 Ne5
16.Bxe5 dxe5 17.Bc4 g6 18.Rad1 Qc7 19.Nd5 Bxd5 20.Bxd5 Rad8 21.Rd3 Kg7 22.Rc3 Qd7
23.Rd3 Qc7 24.Rc3  1/2-1/2

[Event "URS-chT Moscow"]
[Site "Moscow"]
[Date "1972.??.??"]
[Round "?"]
[White "Kupreichik, Viktor D"]
[Black "Kuzmin, Gennadi P"]
[Result "1-0"]
[WhiteElo "2440"]
[BlackElo "2520"]

1.e4 c5 2.Nf3 e6 3.d4 cxd4 4.Nxd4 Nc6 5.Nc3 d6 6.Be3 Nf6 7.Bc4 a6 8.Qe2 Qc7
9.O-O-O Na5 10.Bd3 Be7 11.g4 b5 12.g5 Nd7 13.f4 b4 14.Nb1 Nc5 15.Nd2 Nxd3+
16.Qxd3 Bd7 17.Kb1 Nb7 18.Rhf1 Nc5 19.Qe2 Qb7 20.Qf3 a5 21.f5 O-O-O 22.f6 gxf6
23.gxf6 Bf8 24.Qh5 Be8 25.N4b3 a4 26.Nxc5 dxc5 27.Nc4 Rxd1+ 28.Rxd1 Qxe4
29.b3 Rg8 30.Bxc5 Qf5 31.Qxf5 exf5 32.Bb6 Bd7 33.Ne5 Be6 34.Rd8+ Kb7 35.Bc5 Bxc5
36.Rxg8 f4 37.Kc1 Bd4 38.Nd3 f3 39.Kd2 axb3 40.axb3 h5 41.Ke1 h4 42.Re8 f2+
43.Nxf2 Bxf6 44.Ne4 Bd4 45.Rd8 Bg1 46.Rh8 h3 47.Kf1 Be3  1-0

[Event "URS-chT Moscow"]
[Site "Moscow"]
[Date "1972.??.??"]
[Round "?"]
[White "Lukin, Andrei M"]
[Black "Suetin, Alexey S"]
[Result "1-0"]
[WhiteElo "2430"]
[BlackElo "2550"]

1.e4 c5 2.Nf3 e6 3.d4 cxd4 4.Nxd4 Nc6 5.Nc3 a6 6.Bf4 d6 7.Bg3 Be7 8.Qd2 Nxd4
9.Qxd4 Nf6 10.Be2 e5 11.Qe3 Be6 12.O-O-O Qa5 13.a3 Rc8 14.f3 O-O 15.Bh4 d5
16.exd5 Rxc3 17.Qxc3 Qxc3 18.bxc3 Bxa3+ 19.Kd2 Nxd5 20.Rb1 b5 21.c4 Nf4 22.cxb5 axb5
23.Bxb5 Nxg2 24.Bg3 f6 25.Bd3 Bd5 26.Rb5 Rd8 27.Ke2 Bc6 28.Rb6 Rc8 29.Rhb1 Kf7
30.Rb8 Rxb8 31.Rxb8 h5 32.Rc8 Bd7 33.Rc7 Ke6 34.Kf2 Nf4 35.Bxf4 exf4 36.Bf5+ Kxf5
37.Rxd7 g5 38.Rh7 Bc5+ 39.Ke2 Kg6 40.Rc7 Bd4 41.c4 Be5 42.Rd7 g4 43.c5 g3
44.Kf1 h4 45.Kg2  1-0

[Event "URS-chT Moscow"]
[Site "Moscow"]
[Date "1972.??.??"]
[Round "?"]
[White "Tukmakov, Vladimir B"]
[Black "Furman, Boris"]
[Result "1/2-1/2"]
[WhiteElo "2560"]
[BlackElo "2520"]

1.e4 c5 2.Nf3 e6 3.d4 cxd4 4.Nxd4 Nc6 5.Nc3 a6 6.Be2 Qc7 7.O-O Nf6 8.Be3 Bb4
9.Na4 O-O 10.Nxc6 bxc6 11.f4 Rb8 12.Bf3 Be7 13.c4 d6 14.Qd2 Rd8 15.Qf2 c5
16.Rad1 Bd7 17.Nc3 Bc6 18.Rfe1 Nd7 19.Rd3 Qb7 20.Bc1 Nf8 21.Red1 Ng6 22.g3 Qb4
23.Be2  1/2-1/2

[Event "Rubinstein mem"]
[Site "Polanica Zdroj"]
[Date "1972.??.??"]
[Round "2"]
[White "Bednarski, Jacek B"]
[Black "Liebert, Heinz"]
[Result "1/2-1/2"]
[WhiteElo "2395"]
[BlackElo "2400"]

1.e4 c5 2.Nf3 Nc6 3.d4 cxd4 4.Nxd4 e6 5.Nc3 a6 6.g3 Nge7 7.Nde2 Ng6 8.Bg2 b5
9.O-O Bb7 10.f4 Be7 11.b3 O-O 12.Bb2 Qb6+ 13.Kh1 Rad8 14.a3 f5 15.Qd2 fxe4
16.Nxe4 d5 17.Nf2 Bf6 18.Bxf6 gxf6 19.f5 exf5 20.Nd3 Nce5 21.Rxf5 Nc4  1/2-1/2

[Event "Rubinstein mem"]
[Site "Polanica Zdroj"]
[Date "1972.??.??"]
[Round "9"]
[White "Bednarski, Jacek B"]
[Black "Cobo Arteaga, Eldis"]
[Result "1/2-1/2"]
[WhiteElo "2395"]
[BlackElo "2420"]

1.e4 c5 2.Nf3 e6 3.d4 cxd4 4.Nxd4 Nc6 5.Nc3 a6 6.Be2 Qc7 7.O-O b5 8.Nxc6 Qxc6
9.e5 Bb7 10.Bf3 Qc7 11.Bxb7 Qxb7 12.Qd3 Rc8 13.Be3 Ne7 14.f4 Nf5 15.Bf2 h5  1/2-1/2

[Event "Rubinstein mem"]
[Site "Polanica Zdroj"]
[Date "1972.??.??"]
[Round "14"]
[White "Sznapik, Aleksander"]
[Black "Vasiukov, Evgeni"]
[Result "1/2-1/2"]
[WhiteElo "2365"]
[BlackElo "2575"]

1.e4 c5 2.Nf3 Nc6 3.d4 cxd4 4.Nxd4 e6 5.Nc3 a6 6.g3 d6 7.Bg2 Bd7 8.O-O Rc8
9.Re1 Be7 10.Nxc6 Bxc6 11.Bf4 Nf6 12.Nd5 exd5 13.exd5 Bb5 14.a4 Bc4 15.b3 Bxb3
16.cxb3 O-O 17.Qe2 Re8 18.Rac1 Bf8 19.Qd2 Rxe1+ 20.Qxe1 Rxc1 21.Qxc1 Qb6
22.Qc3 Ng4 23.Qf3 h5 24.h3 Ne5 25.Bxe5 dxe5 26.d6 Qxd6 27.Qxb7 Qd1+ 28.Bf1 a5
29.Kg2  1/2-1/2

[Event "Sao Paulo zt"]
[Site "Sao Paulo"]
[Date "1972.??.??"]
[Round "2"]
[White "Van Riemsdijk, Herman C"]
[Black "Quinteros, Miguel A"]
[Result "1-0"]
[WhiteElo "2340"]
[BlackElo "2465"]

1.e4 c5 2.Nf3 e6 3.d4 cxd4 4.Nxd4 Nc6 5.Nc3 a6 6.g3 Nge7 7.Be3 b5 8.Bg2 Bb7
9.O-O Ng6 10.Nxc6 Bxc6 11.Bd4 f6 12.Re1 e5 13.Be3 Bb4 14.Qd3 Ba5 15.Red1 Ne7
16.Bh3 b4 17.Ne2 d5 18.exd5 Qxd5 19.Qxd5 Nxd5 20.Bc5 Kf7 21.a3 bxa3 22.c4 Ne7
23.Rxa3 Rhd8 24.Rxd8 Bxd8 25.b4 Bc7 26.Nc3 e4 27.Bxe7 Kxe7 28.Bf5 Be5 29.Bxe4 Bxe4
30.Nxe4 Rc8 31.c5 Rb8 32.Rxa6 Rxb4 33.Nd6 Bxd6 34.cxd6+ Ke6 35.d7+ Ke7 36.Ra8 Kxd7
37.Ra7+ Ke6 38.Rxg7 h5 39.Rh7 Rb5 40.Kg2 Rg5 41.Kh3 Ra5 42.f4 Ra2 43.Rxh5 f5
44.Rh8 Kf6 45.Rh6+ Kg7 46.Rb6 Rc2 47.Kh4 Rxh2+ 48.Kg5  1-0

[Event "Sarajevo"]
[Site "Sarajevo"]
[Date "1972.??.??"]
[Round "9"]
[White "Kosanski, Stanko"]
[Black "Jansa, Vlastimil"]
[Result "0-1"]
[WhiteElo "2385"]
[BlackElo "2450"]

1.e4 c5 2.Nf3 Nc6 3.d4 cxd4 4.Nxd4 e6 5.Nc3 a6 6.Be3 Qc7 7.f4 b5 8.Nxc6 Qxc6
9.e5 Bb7 10.Qd2 Rc8 11.O-O-O Bb4 12.Bd4 Ne7 13.a3 Bxc3 14.Bxc3 Nd5 15.Be2 Nxc3
16.bxc3 Rc7 17.Kb2 O-O 18.Bf3 Qc5 19.Qd4 Qxd4 20.Rxd4 Bxf3 21.gxf3 Rfc8 22.Rd3 Rc4
23.Rhd1 Rxf4 24.Rxd7 g5 25.Rd8+ Rxd8 26.Rxd8+ Kg7 27.Rd6 Rxf3 28.Rxa6 Rf2
29.c4 bxc4 30.Rc6 Rxh2 31.Rxc4 h5 32.a4 Rh4 33.Rc3 Rxa4 34.Re3 g4 35.Kb3 Ra8
36.c4 Kg6 37.c5 h4 38.Kb4 g3 39.Re1 g2  0-1

[Event "Skopje ol (Men) prel"]
[Site "Skopje"]
[Date "1972.??.??"]
[Round "1"]
[White "Ujtumen, Tudev"]
[Black "Hort, Vlastimil"]
[Result "0-1"]
[WhiteElo "2400"]
[BlackElo "2600"]

1.e4 c5 2.Nf3 e6 3.Nc3 Nc6 4.d4 cxd4 5.Nxd4 Qc7 6.Be3 Nf6 7.Nb3 Bb4 8.Bd3 d5
9.exd5 Nxd5 10.Bd2 Nxc3 11.bxc3 Qe5+ 12.Kf1 Bxc3 13.Rb1 O-O 14.h4 Nb4 15.Bxc3 Qxc3
16.Rh3 Nxd3 17.Rxd3 Qf6 18.h5 b6 19.Kg1 h6 20.Nd2 Bb7 21.Rg3 Rad8 22.Rb4 Rd4
23.Qa1 Rfd8 24.Nf1 Kh8 25.Rxd4 Qxd4 26.Qe1 Rd5 27.Rd3 Qf6 28.Rxd5 Bxd5 29.Qb4 Kh7
30.c4 Qd4 31.Ne3 Be4 32.Qe7 Qa1+ 33.Kh2 Qf6 34.Qxf6 gxf6 35.Kg3 Bd3 36.f4 f5
37.Kf2 Kg7 38.Ke1 Kf6 39.Kd2 Be4 40.Ke2 e5 41.g3 Ke6 42.a3 f6 43.Nd1 Bc6
44.Ke3 Be8 45.Nc3 Bxh5 46.Nb5 Be8 47.Nxa7 Bd7  0-1

[Event "Skopje ol (Men) fin-A"]
[Site "Skopje"]
[Date "1972.??.??"]
[Round "1"]
[White "Andersson, Ulf"]
[Black "Kavalek, Lubomir"]
[Result "1/2-1/2"]
[WhiteElo "2535"]
[BlackElo "2555"]

1.e4 c5 2.Nf3 e6 3.Nc3 Nc6 4.d4 cxd4 5.Nxd4 a6 6.g3 d6 7.Bg2 Bd7 8.O-O Be7
9.Nxc6 Bxc6 10.a4 Nf6 11.a5 O-O 12.Be3 Re8 13.Qe2 Qc7 14.Bb6 Qb8 15.Rfd1 Nd7
16.Bd4 Qc7 17.Na4 Bb5 18.Qd2 Rac8 19.Rdc1 Bf6 20.Bxf6 Nxf6 21.Nb6 Rcd8 22.c4 Bc6
23.Qd4 Nd7 24.b4 f5 25.Rd1 fxe4 26.Qxd6 Qxd6 27.Rxd6 Nxb6 28.Rxd8 Rxd8 29.axb6 Rd2
30.Rb1 Kf7 31.Bf1 Kf6 32.h3 Ke5 33.Rc1 Rb2 34.b5 axb5 35.cxb5 Bd5 36.Rd1 g5
37.Re1 Kd4 38.Rc1 h5 39.h4 g4 40.Rc7 Rb1 41.Rc8 Rb2 42.Rc7  1/2-1/2

[Event "Skopje ol (Men) fin-B"]
[Site "Skopje"]
[Date "1972.??.??"]
[Round "2"]
[White "Quinones, Oscar Carillo"]
[Black "Garcia Martinez, Silvino"]
[Result "1/2-1/2"]
[WhiteElo "2310"]
[BlackElo "2335"]

1.e4 c5 2.Nf3 e6 3.d4 cxd4 4.Nxd4 Nc6 5.Nc3 a6 6.g3 Nxd4 7.Qxd4 Ne7 8.Bg2 Nc6
9.Qd1 d6 10.O-O Be7 11.b3 O-O 12.Bb2 Qc7  1/2-1/2

[Event "Skopje ol (Men) fin-B"]
[Site "Skopje"]
[Date "1972.??.??"]
[Round "2"]
[White "Roehrl, Karl"]
[Black "Hartston, William R"]
[Result "1/2-1/2"]
[WhiteElo "2380"]
[BlackElo "2420"]

1.e4 c5 2.Nf3 e6 3.d4 cxd4 4.Nxd4 Nc6 5.Nc3 a6 6.Be3 Qc7 7.Be2 b5 8.Nxc6 Qxc6
9.e5 Bb7 10.Bf3 Qc7 11.O-O Rd8 12.Bxb7 Qxb7 13.Qd4 Ne7 14.Bg5 Nf5 15.Qe4 Qxe4
16.Nxe4 Rc8 17.c3 Be7 18.Bxe7 Kxe7 19.Rfd1 f6 20.Nd6 Nxd6 21.Rxd6 fxe5 22.Rxa6 Ra8
23.Rb6 Rhb8 24.Rxb8 Rxb8 25.a3 d5 26.Rd1 Kd6 27.f3 Rf8 28.Kf2 g5 29.Ke3 h5
30.Ra1 g4 31.a4 gxf3 32.gxf3 bxa4 33.Rxa4 Rb8 34.Rh4 Rxb2 35.Rxh5 Rb3 36.Kd2 d4
37.cxd4 exd4 38.Ke2 e5 39.Rh8 Ke7 40.Rh6 Rb2+ 41.Ke1 d3 42.Ra6 Re2+ 43.Kf1 Rxh2
44.Ke1 Re2+ 45.Kf1 Rb2 46.Ke1 Rh2 47.Ra3 d2+ 48.Kd1 Ke6 49.Rd3 Rf2 50.Rxd2 Rxf3
51.Ke2 Rh3 52.Rd8 Kf5 53.Ra8 Kf4 54.Rf8+ Ke4 55.Ra8 Rb3 56.Ra4+  1/2-1/2

[Event "Skopje ol (Men) prel"]
[Site "Skopje"]
[Date "1972.??.??"]
[Round "3"]
[White "Levy, David Neil Lawrence"]
[Black "Schmidt, Wlodzimierz"]
[Result "0-1"]
[WhiteElo "2350"]
[BlackElo "2450"]

1.e4 c5 2.Nf3 e6 3.d4 cxd4 4.Nxd4 Nc6 5.Nc3 a6 6.Be2 Qc7 7.f4 b5 8.Nxc6 Qxc6
9.Bf3 Bb7 10.e5 Qc7 11.O-O Nh6 12.Bxb7 Qxb7 13.Qd3 Rc8 14.a4 b4 15.Ne4 Be7
16.Bd2 O-O 17.c4 bxc3 18.Bxc3 Rfd8 19.Rf3 Nf5 20.g4 d5 21.Ng5 Bxg5 22.gxf5 Be7
23.f6 Bc5+ 24.Kf1 g6 25.f5 exf5 26.Re1 d4 27.Ba5 Re8 28.b3 Qd5 29.Rxf5 Qh1+
30.Ke2 Qxh2+ 31.Rf2 Rxe5+ 32.Kd1 Qxf2 33.Rxe5  0-1

[Event "Skopje ol (Men) prel"]
[Site "Skopje"]
[Date "1972.??.??"]
[Round "3"]
[White "Hartston, William R"]
[Black "Gonda, Gentaro"]
[Result "1-0"]
[WhiteElo "2420"]
[BlackElo "2200"]

1.e4 c5 2.Nf3 e6 3.d4 cxd4 4.Nxd4 Nc6 5.Nc3 Qc7 6.Be2 a6 7.f4 Bb4 8.Nxc6 bxc6
9.Qd4 Bf8 10.Be3 d6 11.O-O Nf6 12.e5 dxe5 13.fxe5 Nd5 14.Nxd5 cxd5 15.c4 dxc4
16.Rac1 Bb7 17.Rxc4 Qd7 18.Qxd7+ Kxd7 19.Rxf7+  1-0

[Event "Skopje ol (Men) fin-B"]
[Site "Skopje"]
[Date "1972.??.??"]
[Round "4"]
[White "Vila, Aurelio"]
[Black "Vranesic, Zvonko"]
[Result "1-0"]
[WhiteElo "2250"]
[BlackElo "2425"]

1.e4 c5 2.Nf3 e6 3.d4 cxd4 4.Nxd4 Nc6 5.Nc3 a6 6.Be3 Qc7 7.Bd3 Nf6 8.Nb3 b5
9.f4 d6 10.Qe2 Be7 11.g4 Bb7 12.g5 Nd7 13.O-O Nb4 14.a3 Nc6 15.Qh5 Nc5 16.f5 g6
17.fxg6 fxg6 18.Qh3 Nxb3 19.cxb3 Qd7 20.Be2 Ne5 21.Rad1 Bf8 22.Bd4 Bg7 23.Bc5 Nf7
24.Nxb5 O-O 25.Nxd6 Nxg5 26.Qg4 Rxf1+ 27.Bxf1 Bf6 28.h4 h5 29.Qg2 Nh7 30.Qxg6+ Bg7
31.Nf5 Qc7 32.Qxg7+ Qxg7+ 33.Nxg7 Bxe4 34.Nxe6  1-0

[Event "Skopje ol (Men) fin-A"]
[Site "Skopje"]
[Date "1972.??.??"]
[Round "5"]
[White "Dueball, Juergen"]
[Black "Filipowicz, Andrzej"]
[Result "1/2-1/2"]
[WhiteElo "2425"]
[BlackElo "2405"]

1.e4 c5 2.Nf3 e6 3.d4 cxd4 4.Nxd4 Nc6 5.Nc3 d6 6.Be3 Nf6 7.f4 a6 8.Qf3 Qc7
9.O-O-O Bd7 10.g4 h6 11.Be2 Nxd4 12.Bxd4 e5 13.fxe5 dxe5 14.Qg3 Bd6 15.Be3 Rc8
16.Bf3 b5 17.Qg2 Ba3 18.Rd3 Bc5  1/2-1/2

[Event "Skopje ol (Men) fin-C"]
[Site "Skopje"]
[Date "1972.??.??"]
[Round "5"]
[White "Trois, Francisco RT"]
[Black "Gonda, Gentaro"]
[Result "1/2-1/2"]
[WhiteElo "2200"]
[BlackElo "2200"]

1.e4 c5 2.Ne2 Nc6 3.d4 cxd4 4.Nxd4 e6 5.Nc3 Qc7 6.Be3 Nf6 7.Nb3 Bb4 8.Bd3 d5
9.Bd2 dxe4 10.Nxe4 Bxd2+ 11.Nbxd2 Nxe4 12.Nxe4 O-O 13.Qh5 Qe5 14.Qxe5 Nxe5
15.O-O-O Bd7 16.f3 Rfd8 17.Rd2 Nxd3+ 18.Rxd3 Bb5 19.Rd2 Rxd2 20.Kxd2 Rd8+
21.Ke3 Kf8 22.Rc1 Ke7 23.c4 Bc6 24.Nc3 a5 25.b3 Rc8 26.a3 Be8 27.Ne2 Ra8
28.Rd1 Rc8 29.Rc1 Ra8 30.f4 f6 31.g3 Bc6 32.Nd4 Re8 33.Rc3  1/2-1/2

[Event "Skopje ol (Men) prel"]
[Site "Skopje"]
[Date "1972.??.??"]
[Round "5"]
[White "Kong, V."]
[Black "Jansa, Vlastimil"]
[Result "0-1"]
[WhiteElo "2200"]
[BlackElo "2480"]

1.e4 c5 2.Nf3 e6 3.d4 cxd4 4.Nxd4 Nc6 5.Nc3 a6 6.Be3 Qc7 7.g3 Nf6 8.Bg2 d6
9.O-O Be7 10.Nde2 b5 11.a3 O-O 12.Nf4 Bb7 13.Nd3 Na5 14.f3 Nc4 15.Bf2 Nxb2
16.Nxb5 axb5 17.Nxb2 Rfc8 18.Nd3 Qxc2 19.Nb4 Qxd1 20.Rfxd1 Rc3 21.Rd3 Rxd3
22.Nxd3 d5 23.Bc5 dxe4 24.fxe4 Kf8 25.e5 Bxc5+ 26.Nxc5 Bxg2 27.exf6 Bc6 28.Rc1 Rc8
29.fxg7+ Kxg7 30.a4 b4 31.Nb3 Bb7 32.Rxc8 Bxc8 33.a5 Kf6 34.Kf2 Ke5 35.Ke3 Kd5
36.Kd3 Kc6 37.Nd2 e5 38.h4 f5 39.Nb3 Kb5 40.Kc2 Be6 41.a6 Bxb3+ 42.Kxb3 Kxa6
43.Kxb4 Kb6 44.Kc4 Kc6 45.Kd3 Kd5 46.Ke3 h5 47.Kd3 Kc5 48.Ke3 Kc4 49.Kd2 Kd4
50.Ke2 Ke4  0-1

[Event "Skopje ol (Men) fin-C"]
[Site "Skopje"]
[Date "1972.??.??"]
[Round "6"]
[White "Drira"]
[Black "Stuart, Peter"]
[Result "1/2-1/2"]
[WhiteElo "2200"]
[BlackElo "2200"]

1.e4 c5 2.Nf3 Nc6 3.d4 cxd4 4.Nxd4 e6 5.Nc3 Qc7 6.g3 a6 7.Bg2 Nf6 8.O-O Be7
9.h3 O-O 10.Re1 d6 11.Nxc6 bxc6 12.Bf4 e5 13.Be3 Rd8 14.Na4 Rb8 15.c4 Be6
16.Qc2 Nd7 17.Red1 Nc5 18.Nxc5 dxc5 19.Rxd8+ Rxd8 20.Bf1 Qb6 21.Kh2 Rb8 22.b3 Rd8  1/2-1/2

[Event "Skopje ol (Men) prel"]
[Site "Skopje"]
[Date "1972.??.??"]
[Round "7"]
[White "Pfleger, Helmut"]
[Black "Stuart, Peter"]
[Result "1-0"]
[WhiteElo "2545"]
[BlackElo "2200"]

1.e4 c5 2.Nf3 e6 3.d4 cxd4 4.Nxd4 Nc6 5.Nc3 Qc7 6.Be3 a6 7.Bd3 Nf6 8.O-O Bd6
9.h3 Bf4 10.Qd2 Bxe3 11.Qxe3 Nxd4 12.Qxd4 e5 13.Qe3 d6 14.f4 exf4 15.Rxf4 Be6
16.Raf1 Rc8 17.Nd5 Bxd5 18.exd5+ Kd8 19.Qg3 Qc5+ 20.Kh1 Ne8 21.Rxf7 Qxd5
22.R1f5 Qe6 23.Qg5+ Nf6 24.Qxg7 Qe1+ 25.Rf1  1-0

[Event "Skopje ol (Men) prel"]
[Site "Skopje"]
[Date "1972.??.??"]
[Round "7"]
[White "Chavez, Romelio"]
[Black "Ribli, Zoltan"]
[Result "0-1"]
[WhiteElo "2200"]
[BlackElo "2505"]

1.e4 c5 2.Nf3 Nc6 3.Nc3 e6 4.d4 cxd4 5.Nxd4 a6 6.Be2 Qc7 7.Be3 Nf6 8.a3 Be7
9.f4 d6 10.Bf3 Na5 11.Qd3 Rb8 12.O-O b5 13.b3 O-O 14.Rae1 Bb7 15.Kh1 Rfd8
16.Nce2 Bf8 17.Ng3 e5 18.Nde2 d5 19.exd5 Nxd5 20.Bxd5 Bxd5 21.Qc3 Rdc8 22.Qxc7 Rxc7
23.b4 Nc4 24.Bc1 Re8 25.fxe5 Nxe5 26.Nf4 Bb7 27.Re2 f6 28.Nf5 Rd7 29.Kg1 Kf7
30.Rfe1 g5 31.Nd3 Nxd3 32.Rxe8 Nxe1 33.Rxe1 Kg6 34.Ng3 h5 35.Kf2 Rc7 36.Re2 h4
37.Nf1 f5 38.Bb2 Be4 39.Ne3 f4 40.Ng4 Kf5 41.c3 Bxg2 42.Kxg2 Kxg4 43.Re5 h3+
44.Kf2 Bg7 45.Rc5 Rd7 46.Ke1 Re7+ 47.Kf1 Be5 48.Rd5 Kf5 49.a4 Ke4 50.Rd2 Rc7
51.axb5 axb5 52.Re2+ Kf5 53.Rc2 g4 54.Kf2 g3+ 55.Kf3 g2 56.Kf2 Bd4+  0-1

[Event "Skopje ol (Men) fin-B"]
[Site "Skopje"]
[Date "1972.??.??"]
[Round "7"]
[White "Makropoulos, Georgios"]
[Black "Janetschek, Karl"]
[Result "0-1"]
[WhiteElo "2200"]
[BlackElo "2200"]

1.e4 c5 2.Nc3 Nc6 3.Nf3 e6 4.d4 cxd4 5.Nxd4 a6 6.Be2 Qc7 7.f4 b5 8.Nxc6 Qxc6
9.Bf3 Bb7 10.O-O b4 11.Ne2 Nf6 12.Ng3 Rc8 13.e5 Nd5 14.Be4 g6 15.Kh1 h5 16.Qf3 h4
17.Ne2 h3 18.g4 f5 19.exf6 Nxf6 20.Bxc6 Bxc6 21.Be3 Bxf3+ 22.Rxf3 Rxc2 23.Bd4 Bg7
24.Re1 Kf7 25.f5 gxf5 26.gxf5 e5 27.Bxe5 Re8 28.Nd4 Rd2 29.Rg3 Rxe5 30.Rxe5 Rd1+
31.Rg1 Rxd4 32.Re2 Ng4 33.Rf1 Bh6 34.f6 Be3 35.b3  0-1

[Event "Skopje ol (Men) fin-C"]
[Site "Skopje"]
[Date "1972.??.??"]
[Round "7"]
[White "Browne, Walter S"]
[Black "Chavez, Romelio"]
[Result "1-0"]
[WhiteElo "2530"]
[BlackElo "2200"]

1.e4 c5 2.Nf3 Nc6 3.d4 cxd4 4.Nxd4 e6 5.Nc3 g6 6.Ndb5 d6 7.Bf4 e5 8.Nd5 Be6
9.Nbc7+ Kd7 10.Nxa8 Qxa8 11.Be3 Qd8 12.Bc4 Ke8 13.O-O h5 14.Bb5 Bd7 15.c4 g5
16.Qd2 f6 17.Rad1 Kf7 18.Nc3 a6 19.Ba4 Nh6 20.f3 Rg8 21.c5 f5 22.Bb3+ Be6
23.Bxe6+ Kxe6 24.Qd5+ Kf6 25.exf5 Kxf5 26.f4 gxf4 27.Rxf4+ Kg6 28.Qe4+ Kg7
29.Rxf8 Rxf8 30.Bxh6+ Kxh6 31.Rxd6+ Kg7 32.Qg6+ Kh8 33.Qxh5+ Kg7 34.Rg6+  1-0

[Event "Skopje ol (Men) fin-A"]
[Site "Skopje"]
[Date "1972.??.??"]
[Round "7"]
[White "Andersson, Ulf"]
[Black "Petrosian, Tigran V"]
[Result "1/2-1/2"]
[WhiteElo "2535"]
[BlackElo "2645"]

1.e4 c5 2.Nf3 e6 3.d4 cxd4 4.Nxd4 Nc6 5.Nc3 a6 6.g3 d6 7.Bg2 Bd7 8.O-O Nf6
9.Re1 Be7 10.Nxc6 Bxc6 11.a4 O-O 12.a5 Nd7 13.Be3 Qb8 14.Qd2 Rd8 15.Na4 Bxa4
16.Rxa4 Rc8 17.Rc1 Rc7 18.Qe2 Qe8 19.Rc4 Qc8 20.Ra4 Qe8 21.Rc4 Qc8 22.Ra4  1/2-1/2

[Event "Skopje ol (Men) fin-A"]
[Site "Skopje"]
[Date "1972.??.??"]
[Round "7"]
[White "Hase, Juan C"]
[Black "Matulovic, Milan"]
[Result "1/2-1/2"]
[WhiteElo "2200"]
[BlackElo "2525"]

1.e4 c5 2.Nf3 e6 3.d4 cxd4 4.Nxd4 Nc6 5.Nc3 Qc7 6.f4 a6 7.Be3 b5 8.Nxc6 Qxc6
9.Be2 Bb7 10.Bf3 Rc8 11.a3 b4 12.axb4 Bxb4 13.O-O Bxc3 14.bxc3 Nf6 15.e5 Nd5
16.Bd4 Qc7 17.Bxd5 Bxd5 18.Qg4 O-O 19.Rxa6 Ra8 20.Rxa8 Rxa8 21.f5 exf5 22.Qxf5 Qb7
23.Qg4 Be6 24.Qf3 Qxf3 25.Rxf3 Ra1+ 26.Rf1 Ra2 27.Rf2 Ra1+ 28.Rf1 Rxf1+ 29.Kxf1  1/2-1/2